00628nam a2200181 i 4500001000700000003000900007005001700016007000300033008004100036100003300077245016000110260003600270300002200306700003100328700002000359700004600379852002100425145421ES-MaACL20250728105426.0t|070214s1907 fr r ||||1| fre d1 aSpencer, Herbert,d1820-190310aUne autobiographie / cHerbert Spencer ; traduction et adaptation par Henry de Varigny ; avec la collaboration de J. de Mestrel-Combremont , G. de Varigny. aParis : bCh. Herissey, c1907. a550 p. ; c23 cm.1 aMestrel-Combremont, J. de.1 aVarigny, G. de.1 aVarigny, Henry Crosnier de (d1855-1934?) aES-MaACLjB-5579